00510nam a2200169 a 450000100060000000300090000600800410001502000150005604000280007108200160009910000250011524500330014026000430017330000110021665000620022765000510028911563CO-ViMGA141112s2004 ck r 000 u spa d a9589057195 aCO-ViMGAbspacCO-ViMGA04aA860.4 H37b1 aHernandez, Benavides10aBorges, de la ciudad al mito aBogotá, cediciones uniandes, c1991 a192 p.14aBORGES, JORGE LUIS 1899 - 1986 - CRITICA E INTERPRETACION14aPOESIA ARGENTINA SIGLO XX - HISTORIA Y CRITICA